Statistics for Lakes, Seas and Oceans in their Local Language #2

Click here to take the quiz!

General Stats

  • This quiz has been taken 33 times
  • The average score is 16 of 23

Answer Stats

Local nameEnglish name% Correct
French
92%
Greek
92%
NordsjøenNorth Sea
92%
Norwegian
92%
Spanish
92%
Filipino
88%
Hindi
88%
Italian
88%
An tAigéan AtlantachAtlantic Ocean
80%
Αιγαίο Πέλαγος Aigaío PélagosAegean Sea
76%
Mer des CaraïbesCaribbean Sea
76%
Golfo de VizcayaBay of Biscay
72%
Irish
68%
हिंद महासागर Hinda mahasagaraIndian Ocean
60%
Turkish
56%
Finnish
52%
Mar TirrenoTyrrhenian Sea
52%
kara DenizBlack Sea
48%
Dagat Kanlurang PilipinasSouth China Sea
48%
ItämeriBaltic Sea
44%
Xəzər dənizi Ksæzær dæniziCaspian Sea
44%
Lac LémanLake Geneva
44%
Azerbaijani
36%

Score Distribution

Percentile by Number Answered

Percent of People with Each Score

Your Score History

You have not taken this quiz